[Event "Cesme op-A 11th"]
[Site "Izmir"]
[Date "2025.06.29"]
[Round "9"]
[White "Matyakubov, Miraziz"]
[Black "Bacak, Muhammed Kaan"]
[Result "1-0"]
[WhiteElo "2278"]
[BlackElo "2075"]
[PlyCount "61"]
[EventDate "2025.06.23"]
[EventType "swiss"]
[EventRounds "9"]
[EventCountry "TUR"]
[SourceTitle "CB27_2025"]
[SourceDate "2025.07.02"]
[SourceVersion "1"]
[SourceVersionDate "2025.07.02"]
[SourceQuality "1"]

1. e4 e5 2. Nf3 Nc6 3. d4 exd4 4. Nxd4 Nf6 5. Nxc6 bxc6 6. Nd2 d5 7. exd5 cxd5 8. Bb5+ Bd7 9. Bxd7+ Qxd7 10. 0-0 Be7 11. b3 0-0 12. Bb2 a5 13. a4 Qf5 14. Nf3 c5 15. Re1 Rfe8 16. Re5 Qd7 17. Qd2 Red8 18. Rd1 Ra7 19. Ree1 Qc8 20. Qe2 h6 21. h3 Qb7 22. Be5 Qa6 23. Rd3 c4 24. bxc4 Qxc4 25. Nd4 Ne4 26. Qg4 f6 27. Ne6 Bb4 28. Rxe4 Qxe4 29. Qxe4 dxe4 30. Rxd8+ Kf7 31. Bd4 1-0

[Event "Namangan op"]
[Site "Namangan"]
[Date "2025.06.02"]
[Round "7"]
[White "Matyakubov, Miraziz"]
[Black "Shturman, Arseniy"]
[Result "1/2-1/2"]
[WhiteElo "2272"]
[BlackElo "2368"]
[PlyCount "98"]
[EventDate "2025.05.29"]
[EventType "swiss"]
[EventRounds "9"]
[EventCountry "UZB"]
[SourceTitle "CB23_2025"]
[SourceDate "2025.06.04"]
[SourceVersion "1"]
[SourceVersionDate "2025.06.04"]
[SourceQuality "1"]

1. e4 c5 2. Nf3 Nc6 3. Bb5 e6 4. 0-0 Nge7 5. Re1 Ng6 6. c3 a6 7. Bf1 Be7 8. d4 cxd4 9. cxd4 d5 10. exd5 exd5 11. Nc3 0-0 12. h3 Be6 13. Na4 Qc7 14. Bg5 Bd6 15. Rc1 h6 16. Bd2 Rfe8 17. b4 Bf5 18. Nc5 Be4 19. Be3 Rac8 20. a3 Nge7 21. Ne5 Bxc5 22. Rxc5 Qd6 23. Bf4 Ng6 24. Bc1 Ngxe5 25. dxe5 Qxe5 26. Qd2 Qd4 27. Qa2 b6 28. Bb2 Qd2 29. Rcc1 b5 30. Qa1 f6 31. Re3 d4 32. Rg3 Kh7 33. Rd1 Qf4 34. Rg4 Qd6 35. a4 f5 36. Rg3 Qxb4 37. Bxd4 Nxd4 38. Rxd4 Qe7 39. Rd6 Rc6 40. Rd4 bxa4 41. Rxa4 Qf6 42. Qxf6 Rxf6 43. Rxa6 Rxa6 44. Bxa6 Ra8 45. Bd3 Ra1+ 46. Kh2 Ra2 47. Bxe4 fxe4 48. Re3 Rxf2 49. Rxe4 Kg6 1/2-1/2

[Event "Asia-ch"]
[Site "Al Ain"]
[Date "2025.05.14"]
[Round "8"]
[White "Matyakubov, Miraziz"]
[Black "Matinian, Nikita"]
[Result "1/2-1/2"]
[WhiteElo "2272"]
[BlackElo "2420"]
[PlyCount "126"]
[EventDate "2025.05.07"]
[EventType "swiss"]
[EventRounds "9"]
[EventCountry "UAE"]
[SourceTitle "CB21_2025"]
[SourceDate "2025.05.21"]
[SourceVersion "1"]
[SourceVersionDate "2025.05.21"]
[SourceQuality "1"]

1. d4 Nf6 2. c4 g6 3. Nc3 Bg7 4. e4 d6 5. f3 a6 6. Be3 c6 7. a4 0-0 8. Qd2 Nbd7 9. Bd3 e5 10. d5 Nh5 11. Nge2 Qh4+ 12. Bf2 Qe7 13. g3 a5 14. 0-0-0 f5 15. exf5 gxf5 16. dxc6 bxc6 17. Bc2 e4 18. Qxd6 Qxd6 19. Rxd6 exf3 20. Nd4 Ne5 21. Nxc6 Ng4 22. Rf1 Nxh2 23. Rh1 Ng4 24. Rxh5 Nxf2 25. Ne7+ Kf7 26. Nxc8 Raxc8 27. Bxf5 Rxc4 28. Rxh7 Rc5 29. Bc2 Rg5 30. Rd7+ Kf6 31. Nd5+ Ke6 32. Nb6 Bf6 33. Bb3+ Kf5 34. Rh2 Ne4 35. Rd5+ Kg6 36. Bc2 Rg4 37. Nc4 Bg5+ 38. Kb1 Kf6 39. Ne5 Ke6 40. Bb3 Rxg3 41. Ng6 Rf5 42. Rxa5+ Kf6 43. Rxf5+ Kxf5 44. Bc2 Rg1+ 45. Ka2 Rg2 46. Nh4+ Bxh4 47. Bxe4+ Kxe4 48. Rxh4+ Ke3 49. Rh3 Kf4 50. Rh1 f2 51. Rf1 Ke3 52. Kb3 Ke2 53. Rxf2+ Rxf2 54. Kc4 Rf4+ 55. Kb5 Kd3 56. a5 Rf5+ 57. Kb4 Rf2 58. a6 Rxb2+ 59. Kc5 Ra2 60. Kb6 Kc4 61. a7 Kd5 62. Kb7 Rxa7+ 63. Kxa7 Ke5 1/2-1/2

[Event "Asia-ch"]
[Site "Al Ain"]
[Date "2025.05.12"]
[Round "6"]
[White "Matyakubov, Miraziz"]
[Black "Chinguun, Sumiya"]
[Result "0-1"]
[WhiteElo "2272"]
[BlackElo "2419"]
[PlyCount "96"]
[EventDate "2025.05.07"]
[EventType "swiss"]
[EventRounds "9"]
[EventCountry "UAE"]
[SourceTitle "CB21_2025"]
[SourceDate "2025.05.21"]
[SourceVersion "1"]
[SourceVersionDate "2025.05.21"]
[SourceQuality "1"]

1. e4 c5 2. Nf3 d6 3. c3 Nf6 4. h3 g6 5. Bd3 Bg7 6. Bc2 Nc6 7. 0-0 0-0 8. d4 Qc7 9. Re1 Rd8 10. Qe2 b6 11. Na3 a6 12. e5 dxe5 13. dxe5 Nd5 14. Bd2 b5 15. Rad1 c4 16. Bb1 Bb7 17. Nc2 Qb6 18. Ncd4 Nxd4 19. Nxd4 Rac8 20. h4 Nc7 21. Bg5 Ne6 22. Be4 Bxe4 23. Qxe4 Nc5 24. Qe3 Qb7 25. Nf5 gxf5 26. Rxd8+ Rxd8 27. Qxc5 Rd5 28. Qxe7 Qxe7 29. Bxe7 Bxe5 30. g3 f6 31. f4 Kf7 32. Ba3 Bd6 33. Bxd6 Rxd6 34. Kf2 Kg6 35. Re7 Rd2+ 36. Re2 Rd1 37. Re1 Rxe1 38. Kxe1 Kh5 39. Kf2 Kg4 40. h5 Kxh5 41. Kf3 a5 42. a4 bxa4 43. Kf2 Kg4 44. Kg2 h6 45. Kf2 Kh3 46. Kf3 h5 47. Kf2 Kh2 48. Kf3 Kg1 0-1

[Event "Asia-ch"]
[Site "Al Ain"]
[Date "2025.05.11"]
[Round "5"]
[White "Mirzaad, S Wahabuddin"]
[Black "Matyakubov, Miraziz"]
[Result "0-1"]
[WhiteElo "2035"]
[BlackElo "2272"]
[PlyCount "43"]
[EventDate "2025.05.07"]
[EventType "swiss"]
[EventRounds "9"]
[EventCountry "UAE"]
[SourceTitle "CB21_2025"]
[SourceDate "2025.05.21"]
[SourceVersion "1"]
[SourceVersionDate "2025.05.21"]
[SourceQuality "1"]

1. d4 Nf6 2. Nc3 d5 3. Bf4 Bf5 4. e3 e6 5. f3 Bd6 6. g4 Bg6 7. h4 h5 8. g5 Bxf4 9. exf4 Ng8 10. Bd3 Ne7 11. Nge2 Qd6 12. Qd2 Nbc6 13. Nb5 Qd7 14. c3 Bxd3 15. Qxd3 Nf5 16. Kf2 Nce7 17. Ng3 a6 18. Nxf5 Nxf5 19. Na3 Qd6 20. Qd2 0-0-0 21. Nc2 f6 22. Rag1 0-1

[Event "Almaty zt 3.4"]
[Site "Almaty"]
[Date "2025.04.03"]
[Round "2"]
[White "Urazayev, Arystanbek"]
[Black "Matyakubov, Miraziz"]
[Result "1-0"]
[WhiteElo "2467"]
[BlackElo "2282"]
[PlyCount "129"]
[EventDate "2025.04.02"]
[EventType "swiss"]
[EventRounds "9"]
[EventCountry "KAZ"]
[SourceTitle "CB15_2025"]
[SourceDate "2025.04.09"]
[SourceVersion "1"]
[SourceVersionDate "2025.04.09"]
[SourceQuality "1"]

1. e4 e5 2. Nf3 Nc6 3. Bc4 Bc5 4. Nc3 Nf6 5. d3 d6 6. Na4 a6 7. Nxc5 dxc5 8. a4 h6 9. h3 Qd6 10. Be3 g5 11. Nd2 b6 12. Nf1 Be6 13. Ng3 Bxc4 14. dxc4 0-0-0 15. Qxd6 Rxd6 16. h4 gxh4 17. Rxh4 h5 18. Rd1 Nd4 19. Bxd4 cxd4 20. Nf5 Re6 21. f3 Rg8 22. Kf2 Kb7 23. b3 b5 24. axb5 axb5 25. cxb5 Ra8 26. Ng7 Rb6 27. Nxh5 Ra2 28. Rd2 Ne8 29. Rh1 Rxb5 30. Ke2 Rb2 31. Ra1 Rc5 32. Kd1 Rc6 33. Ng3 Nd6 34. Nh1 Nb5 35. Nf2 Ra6 36. Kc1 Rxc2+ 37. Kxc2 Rxa1 38. Ng4 f6 39. Nxf6 Ra2+ 40. Kd3 Ra3 41. Nd7 Rxb3+ 42. Kc4 Rb1 43. Nxe5 c6 44. g4 Kc7 45. g5 Rc1+ 46. Kd3 Kd6 47. f4 Rc3+ 48. Ke2 Re3+ 49. Kf2 Rxe4 50. Kf3 Re3+ 51. Kg4 Re1 52. Nf3 Re4 53. g6 c5 54. g7 Re8 55. Kg5 Kd5 56. f5 Nd6 57. Kg6 Rc8 58. Rh2 Nxf5 59. Rh5 Rg8 60. Rxf5+ Kc4 61. Ne5+ Kc3 62. Rf3+ Kb4 63. Rf8 Rxg7+ 64. Kxg7 c4 65. Rb8+ 1-0

[Event "Titled Tuesday intern op 01st Apr Early"]
[Site "Chess.com INT"]
[Date "2025.04.01"]
[Round "1"]
[White "Matyakubov, Miraziz"]
[Black "Barwinska, Ewa"]
[Result "1/2-1/2"]
[WhiteElo "2132"]
[BlackElo "2017"]
[PlyCount "138"]
[EventDate "2025.04.01"]
[EventType "swiss (blitz)"]
[EventRounds "11"]
[EventCountry "USA"]
[SourceTitle "CB15_2025"]
[SourceDate "2025.04.09"]
[SourceVersion "1"]
[SourceVersionDate "2025.04.09"]
[SourceQuality "1"]

1. e4 c5 2. Nf3 d6 3. Bb5+ Bd7 4. Bxd7+ Nxd7 5. 0-0 Ngf6 6. Qe2 g6 7. c3 Bg7 8. d4 e5 9. dxc5 Nxc5 10. Nfd2 0-0 11. Na3 d5 12. exd5 Nxd5 13. Ne4 Qc8 14. Rd1 Nf4 15. Bxf4 exf4 16. Nxc5 Qxc5 17. Rd7 Rfe8 18. Qf3 b6 19. h3 Be5 20. Rad1 Rac8 21. R1d5 Qc6 22. Nc2 Qf6 23. Nb4 Rcd8 24. Rxa7 Rxd5 25. Nxd5 Qd6 26. c4 Bxb2 27. h4 Bd4 28. Kh2 b5 29. Nc7 Bxa7 30. Nxe8 Qd8 31. Qc6 bxc4 32. Kh3 Bb8 33. Nf6+ Kg7 34. Nd7 f3 35. gxf3 Bf4 36. a4 Bd2 37. Qd6 Bc3 38. Qd5 Bf6 39. Nxf6 Qxf6 40. Qxc4 Qxf3+ 41. Kh2 Qxf2+ 42. Kh1 Qe1+ 43. Kg2 Qd2+ 44. Kf3 Qa5 45. Qd4+ f6 46. Kg2 Qa8+ 47. Kg3 Qb8+ 48. Kg2 Qb7+ 49. Kg1 Qb1+ 50. Kf2 Qc2+ 51. Kf3 Qb3+ 52. Ke4 Qb7+ 53. Kd3 Qb3+ 54. Kd2 Qa2+ 55. Kc1 Qa3+ 56. Kc2 Qa2+ 57. Kd3 Qb3+ 58. Ke4 Qb7+ 59. Kf4 Qc7+ 60. Kg4 Qc8+ 61. Kg3 Qc7+ 62. Kh3 Qc8+ 63. Kh2 Qc7+ 64. Kh1 Qb7+ 65. Kg1 Qb1+ 66. Kg2 Qa2+ 67. Kf3 Qb3+ 68. Kf4 Qb8+ 69. Kf3 Qb3+ 1/2-1/2

[Event "Wch U20 62nd"]
[Site "Petrovac"]
[Date "2025.02.27"]
[Round "3"]
[White "Matyakubov, Miraziz"]
[Black "Ilinca Ilinca, Felix Antonio"]
[Result "1/2-1/2"]
[WhiteElo "2132"]
[BlackElo "2412"]
[PlyCount "164"]
[EventDate "2025.02.25"]
[EventType "swiss"]
[EventRounds "11"]
[EventCountry "MNE"]
[SourceTitle "CB11_2025"]
[SourceDate "2025.03.12"]
[SourceVersion "1"]
[SourceVersionDate "2025.03.12"]
[SourceQuality "1"]

1. e4 c6 2. Nf3 d5 3. Nc3 Bg4 4. h3 Bxf3 5. Qxf3 e6 6. d3 Nd7 7. g3 Bb4 8. Bd2 d4 9. Nb1 Qb6 10. Bg2 Bxd2+ 11. Nxd2 Qxb2 12. 0-0 Qb4 13. Rfd1 Qe7 14. Rab1 Rb8 15. e5 Nh6 16. Qf4 Qc5 17. Re1 0-0 18. Nb3 Qc3 19. Qxd4 Qxd4 20. Nxd4 Rfd8 21. Nb3 Nf5 22. Kh2 h5 23. f4 Kf8 24. a4 Ke7 25. Rb2 f6 26. exf6+ gxf6 27. c3 Kd6 28. Rbe2 Re8 29. a5 Re7 30. Bf3 Rg8 31. Bxh5 Nxg3 32. Rg2 Reg7 33. Bg4 Nf5 34. Rge2 Nh4 35. Rxe6+ Kc7 36. Nd4 Ng6 37. Rf1 Rh7 38. Re3 Nc5 39. Bf5 Rhg7 40. Be6 Re7 41. Rg1 Rge8 42. Rxg6 Nxe6 43. Nxe6+ Rxe6 44. Rxe6 Rxe6 45. h4 Kd6 46. h5 Re2+ 47. Rg2 Re7 48. Kh3 Rh7 49. Kg4 Rg7+ 50. Kf3 Rh7 51. Rh2 Ke6 52. Ke4 f5+ 53. Kd4 b6 54. axb6 axb6 55. h6 Kd6 56. Kc4 Ke6 57. Kb4 Kd6 58. Rh5 Ke6 59. c4 Kd6 60. c5+ bxc5+ 61. Kc4 Kc7 62. Kxc5 Kd7 63. d4 Kc7 64. Rh2 Kd7 65. Rh1 Kc7 66. d5 cxd5 67. Kxd5 Kd7 68. Ke5 Ke7 69. Rh5 Kf7 70. Rxf5+ Kg6 71. Rf6+ Kh5 72. Ra6 Rb7 73. Rf6 Ra7 74. Ke6 Kg4 75. f5 Kf4 76. Rf8 Ra6+ 77. Kf7 Rxh6 78. f6 Kf5 79. Ke7 Rg6 80. f7 Re6+ 81. Kd7 Rf6 82. Kc7 Ke6 1/2-1/2